Nihon Kyōsantō ketsugi kettei shū. Dai 7-[kan].
Saved in:
| Corporate Author: | |
|---|---|
| Format: | Book |
| Language: | Japanese |
| Published: |
[Tōkyō] :
Nihon Kyōsantō Chūō Iinkai Shuppanbu,
1961.
|
| Subjects: | |
| Tags: |
Add Tag
No Tags, Be the first to tag this record!
|
| LEADER | 01204nam a2200289ui 4500 | ||
|---|---|---|---|
| 001 | 007775475-1 | ||
| 005 | 20024617122053.0 | ||
| 008 | 980427s1961 ja 000 0 jpn d | ||
| 035 | 0 | |a ocm39022036 | |
| 040 | |a *YNH* |c *YNH* |d CStRLIN | ||
| 110 | 2 | |6 880-01 |a Nihon Kyōsantō. |b Senden Kyōiku Bunkabu. | |
| 245 | 1 | 0 | |6 880-02 |a Nihon Kyōsantō ketsugi kettei shū. |n Dai 7-[kan]. |
| 260 | |6 880-03 |a [Tōkyō] : |b Nihon Kyōsantō Chūō Iinkai Shuppanbu, |c 1961. | ||
| 300 | |a 278 p. ; |c 19 cm. | ||
| 500 | |6 880-04 |a Dai 6 made no hensha wa Nihon Kyōsantō Chūō Iinkai Senden Kyōikubu. | ||
| 500 | |6 880-05 |a Furoku nenpyō: p. 233-278. | ||
| 505 | 0 | |6 880-06 |a 1960-nen 9-gatsu-1961-nen 7-gatsu. | |
| 610 | 2 | 0 | |6 880-07 |a Nihon Kyōsantō. |
| 880 | 2 | |6 110-01 |a 日本共産党. |b 宣伝教育文化部. | |
| 880 | 1 | 0 | |6 245-02 |a 日本共産党決議決定集. |n 第7[卷]. |
| 880 | |6 260-03 |a [東京] : |b 日本共産党中央委員会出版部, |c 1961. | ||
| 880 | |6 500-04 |a 第6までの編者は日本共産党中央委員会宣伝教育部. | ||
| 880 | |6 500-05 |a 附錄年表: p. 233-278. | ||
| 880 | 0 | |6 505-06 |a 1960年9月-1961年7月. | |
| 880 | 2 | 0 | |6 610-07 |a 日本共産党. |
| 988 | |a 20021221 | ||
| 906 | |0 MH | ||


